000 01112nam0a22002771 4500
001 rc\2122582
005 20260407134613.0
035 _a(NLR Aleph) 006533998
090 _a6564418
_c6564418
100 _a20110826d1978 |||y0rusy50 ca
101 0 _arus
102 _aRU
105 _aa z |||||
200 1 _aАтлас оптико-реконструктивной хирургии глаза
_fКаф. глазных болезней ММСИ, Моск. н.-и. лаб. эксперим. и клин. хирургии глаза с клиникой
210 _aМосква
_cММСИ
_d1978
215 _a53, [8] с.
_cил.
_d22х29
606 _aГлаз
_jАтласы
_xХирургия
_2psbo
686 _aР675.4-99я61
_2rubbk
712 0 2 _aМосковский медицинский стоматологический институт им. Н. А. Семашко
_9501653
_3RU\NLR\AUTH\8810002232
801 0 _aRU
_bNLR
_gpsbo
801 1 _aRU
_bELAR
_2rusmarc
852 _aNLR
_j78-8/1317
899 _aRuMoRGB
_jБ Фол-32/158
899 _aRuMoRGB
_jБ Фол-32/159
942 _cBOOK
980 _aNB